Quiz sur l'Ordre de Malte - Statistiques

Statistiques générales
  • Ce quiz a été pris 43 fois
  • Le résultat moyen est 6 sur 18
Statistiques - réponses
Question Réponse % Correct
Religion de l'Ordre Catholicisme
97%
Langue officiel de l'Ordre Italien
78%
Ville où se trouve le siège de l'Ordre Rome
68%
Deux pays ayant le même siège avec qui l'ordre a des relations diplomatiques Vatican
62%
Il a un siège d'observateur permanent dans cet organisme ONU
59%
Région alpine française dont le drapeau ressemble aussi beaucoup Savoie
59%
Comme un pays, l'ordre est ___ S{ouverain}
54%
Type de bâtiment généralement affecté par ce statut Ambassade
41%
Titre de la personne à la tête de l'ordre Grand Maître
41%
Palestine
27%
Pays dont le drapeau ressemble à celui de Malte Danemark
22%
Principe d'un état de laisser un autre état exercer son autorité sur un bout de son territoire Extraterritorialité
14%
Fondateur de l'Ordre sous sa forme moderne en 1961 Jean XXIII
5%
Nom de l'agence d'aide humanitaire de l'ordre M{alteser}
5%
Deux bâtiment "magistral" sous le contrôle de l'Ordre ayant ce statut Palais magistral
5%
Icône hautement sacré de l'ordre Vierge de {Philerme}
3%
Villa magistrale
3%
Fondateur de l'Ordre au 11ième siècle Frère {Gérard}
0%
Aucun quiz correspondant
Distribution des résultats
% des personnes avec chaque résultat
Percentile par nombre de réponses
Votre historique - résultats
Vous n’avez pas pris ce quiz